006650000a220009700045001000033000002450096000333000033001295200353001626500013005157730039005281 aRúa Castaño, John Reymon10aPoderosa es la ley pero más poderosa es la necesidad:acercamiento a los derechos humanos. ano.19 (ago., 2010), p. 51-55 aDesde la perspectiva económica y política, el surgimiento de los derechos de la tercera generación coincide, o tiene sus fundamentos en la crisis del estado social de derecho que se traduce en la incapacidad del estado para cumplir con sus cometidos teóricos, que no son otra cosa que hacer realidad los derechos de la segunda generación.14aDERECHOS0 tRevista Tecnológico de Antioquia